000 01454nam a22002657a 4500
003 OSt
005 20250429122311.0
008 230705s2005 ck ||||er|||| 00| fdspa d
020 _a9586392449
040 _aCO-JMCR
_cCO-JMCR
041 0 _aspa
082 0 4 _aA-N
_bALLz
100 1 _aAllende, Isabel,
_eautora
_933
245 1 3 _aEl zorro :
_bcomienza la leyenda /
_cIsabel Allende
250 _aPrimera edición
260 _aBogotá ;
_aBarcelona :
_bPlaza Janés,
_c2005
300 _a381 páginas ;
_c23 cm.
500 _aIncluye datos biográficos del autor
505 0 _aCalifornia, 1970-1810 -- Barcelona, 1810-1812 -- Barcelona, 1812-1814 -- España, fines de 1814-comienzos de 1815 -- Alta California, 1815 -- Alta California, 1840
520 3 _a"Ésta es la historia de Diego de la Vega y de cómo se convirtió en el legendario Zorro. Por fin puedo revelar su identidad, que por tantos años mantuvimos en secreto..." California, año 1790: empieza una aventura en una época fascinante y turbulenta, con personajes entrañables y de espíritu indómito, y un hombre de corazón romántico y sangre liviana. Llegó la hora de desenmascarar al Zorro. Isabel Allende rescata la figura del héroe y, con ironía y humanidad, le da vida más allá de la leyenda.
650 1 4 _aNovela chilena
_ySiglo XX
_942748
650 1 4 _aLiteratura chilena
_ySiglo XX
_942749
650 2 4 _aSuperhéroes en la literatura
_942750
942 _2ddc
_cBK
999 _c30047
_d16431